000 01202nam a2200301 4500
001 179062
003 ES-MaACL
005 20240129115658.0
008 110825s20092010sp aop |||| | spa d
020 _a978-84-920755-7-7
080 _a671.4(460)"12/16"
100 1 _aCórdoba de la Llave, Ricardo.
_940549
245 1 0 _aCiencia y técnica monetarias en la España bajomedieval /
_cRicardo Córdoba de la Llave ; (prólogo de Julio Torres).
260 _aMadrid :
_bFundación Juanelo Turriano,
_c2009
_c, [D.L. 2010]
300 _a406 p. :
_bil. col. y n., fot. ;
_c27 cm.
500 _aGlosario.
500 _aApéndice documental.
504 _aBibliografía: p. 401-406.
586 _aIII Premio Internacional García-Diego de Historia de la Técnica, 2007; ex aequo
650 0 7 _aAcuñación de moneda-
_zEspaña.
_99605
650 7 _aCasas de la moneda-
_zEspaña-
_xHistoria.
_9147765
650 4 _aMoneda-
_zEspaña-
_vHistoria.
_9147766
700 1 _aTorres, Julio.
_9147767
710 2 _aFundación Juanelo Turriano.
_94352
852 _aES-MaACL
_9185931
_jA-11451
_bR.146343
_cDEPO1
_dOlim: N-4455
942 _2udc
_cMONOGRAFIA
999 _c179062
_d179062